Fundamentals of Signals and Systems (Record no. 11237)

000 -LEADER
fixed length control field 00541 a2200181 4500
020 ## - INTERNATIONAL STANDARD BOOK NUMBER
International Standard Book Number 97800702219
082 ## - DEWEY DECIMAL CLASSIFICATION NUMBER
Classification number 621.38223
090 ## - LOCALLY ASSIGNED LC-TYPE CALL NUMBER (OCLC); LOCAL CALL NUMBER (RLIN)
-- 7434
-- 7434
100 ## - MAIN ENTRY--PERSONAL NAME
Personal name Roberts, Michael
110 ## - MAIN ENTRY--CORPORATE NAME
Corporate name or jurisdiction name as entry element Sharma, Govind
245 ## - TITLE STATEMENT
Title Fundamentals of Signals and Systems
Statement of responsibility, etc. Roberts, Michael
250 ## - EDITION STATEMENT
Edition statement 2nd ed.
260 ## - PUBLICATION, DISTRIBUTION, ETC.
Place of publication, distribution, etc. New Delhi (India)
Name of publisher, distributor, etc. The McGraw-Hill
Date of publication, distribution, etc. 2010
300 ## - PHYSICAL DESCRIPTION
Extent xxi, 766 p. ;
Other physical details ill. ;
Dimensions 25 cm.
500 ## - GENERAL NOTE
General note Includes index
650 ## - SUBJECT ADDED ENTRY--TOPICAL TERM
Topical term or geographic name entry element 1. Signal theory (Telecommunication)--(Problems, exercises, etc.
942 ## - ADDED ENTRY ELEMENTS (KOHA)
Koha item type Book
Call number prefix 621.38223 ROB
Holdings
Withdrawn status Lost status Damaged status Not for loan Permanent Location Current Location Date acquired Total Checkouts Total Renewals Full call number Barcode Date last seen Date last checked out Price effective from Koha item type
        Central Library (CL) Central Library (CL) 11/18/2020 6 4 621.38223 ROB SEECSD00702 02/09/2022 11/18/2020 11/14/2012 Book
© 2023 Central Library, National University of Sciences and Technology. All Rights Reserved.